|
|
|
|
| LEADER |
00000nam0a2200000 4500 |
| 001 |
33993 |
| 005 |
20231101210214.0 |
| 035 |
|
|
|a (RuTPU)RU\TPU\book\34367
|
| 035 |
|
|
|a BOOK00001018
|
| 090 |
|
|
|a 33993
|
| 100 |
|
|
|a 20011210d1977 m y0rusy50 ca
|
| 101 |
0 |
|
|a rus
|
| 102 |
|
|
|a RU
|
| 105 |
|
|
|a y j 000zy
|
| 200 |
1 |
|
|a Основы термодинамики циклов теплоэнергетических установок
|e учебное пособие
|f А. И. Андрющенко
|
| 205 |
|
|
|a 2-е изд., перераб. и доп.
|
| 210 |
|
|
|a Москва
|c Высшая школа
|d 1977
|
| 215 |
|
|
|a 280 с.
|
| 606 |
|
|
|a Теплоэнергетические установки
|2 stltpush
|3 (RuTPU)RU\TPU\subj\59827
|9 77324
|
| 610 |
1 |
|
|a теплотехника
|
| 610 |
1 |
|
|a теория
|
| 610 |
1 |
|
|a термодинамика
|
| 610 |
1 |
|
|a учебные пособия
|
| 675 |
|
|
|a 621.1.002.5(075.8)
|v 3
|
| 700 |
|
1 |
|a Андрющенко
|b А. И.
|g Анатолий Иванович
|
| 801 |
|
0 |
|a RU
|b 63413507
|c 20011210
|g PSBO
|
| 801 |
|
2 |
|a RU
|b 63413507
|c 20191118
|g PSBO
|
| 900 |
|
|
|a Теоретические основы теплотехники
|
| 942 |
|
|
|c BK
|